00390 a2200145 4500003000400000005001700004008004100021020001800062040000900080082001500089100001700104245007800121260003600199300000900235OSt20231106155257.0231106b |||||||| |||| 00| 0 eng d a9789384355548 coclc a920bPOK/V aPocker, P K  aVykam muhammad basheer sargathmakadayude neela velicham /cDr. P K Pocker aKerala:bVachanam books,c2019. a184p